[Event "OPEN A - XVII MIEDZYNARODOWY FESTIWAL SZ"]
[Site "Rewal"]
[Date "2012.??.??"]
[Round "7.21"]
[White "Jalowiec, Halina"]
[Black "Koitka, Jakub"]
[Result "1/2-1/2"]
[WhiteElo "2046"]
[BlackElo "1973"]
[PlyCount "140"]
[EventDate "2012.??.??"]

1. e4 c5 2. Nf3 Nc6 3. d4 cxd4 4. Nxd4 g6 5. g3 Nf6 6. Bg2 Bg7 7. Be3 d6 8. h3
O-O 9. Nc3 Bd7 10. O-O Qc8 11. Kh2 Ne5 12. Nde2 b5 13. Nf4 Bc6 14. Bd4 b4 15.
Ncd5 Bxd5 16. exd5 Qf5 17. Re1 a5 18. a3 g5 19. Bxe5 dxe5 20. Nd3 e4 21. Nc5
Qxf2 22. axb4 axb4 23. Rxa8 Rxa8 24. Nxe4 Nxe4 25. Rxe4 Bxb2 26. Qe2 Qxe2 27.
Rxe2 Ra7 28. Be4 f6 29. Kg2 Ra3 30. Bd3 Be5 31. Re3 Rc3 32. Rf3 h6 33. Kf2 Bd4+
34. Ke2 Kf7 35. Bf5 Ra3 36. g4 Ke8 37. Rd3 Be5 38. Rf3 Kd8 39. Bd3 Kc7 40. Bc4
Ra1 41. Bb3 Kd6 42. Kd3 Re1 43. Re3 Rf1 44. Ke2 Rh1 45. Kd3 Bf4 46. Rf3 Ke5 47.
c3 bxc3 48. Kxc3 Ke4 49. Rd3 Rh2 50. Bc2 Be5+ 51. Kb3 Kf4 52. Bd1 Rh1 53. Kc4
Rg1 54. Rf3+ Ke4 55. Rd3 Rf1 56. Bc2 Kf4 57. Bd1 Rf2 58. Rb3 Rd2 59. Rd3 Ra2
60. Rb3 Ra4+ 61. Kc5 Bd6+ 62. Kc6 Ra1 63. Be2 Ra2 64. Bd3 Ra7 65. Kb6 Ra8 66.
Kc6 Kg3 67. Bf5+ Kh4 68. Kd7 Ra3 69. Rxa3 Bxa3 70. Ke6 Kxh3 1/2-1/2

[Event "OPEN A - XVII MIEDZYNARODOWY FESTIWAL SZ"]
[Site "Rewal"]
[Date "2012.??.28"]
[Round "7.22"]
[White "Gabrys, Sebastian"]
[Black "Czajkowski, Adam"]
[Result "1-0"]
[WhiteElo "1790"]
[BlackElo "1911"]
[PlyCount "59"]
[EventDate "2012.??.??"]

1. e4 c5 2. Nf3 e6 3. d4 cxd4 4. Nxd4 Qb6 5. Nc3 Bc5 6. Na4 Qa5+ 7. c3 Bxd4 8.
Qxd4 Nf6 9. Nc5 Nc6 10. Qd6 b6 11. Nb3 Qa4 12. f3 Bb7 13. Bg5 O-O-O 14. Bxf6
gxf6 15. Nd4 Ba6 16. Bxa6+ Qxa6 17. Kf2 Rhg8 18. Rhd1 Ne5 19. b3 Rg6 20. c4
Rdg8 21. g3 Qb7 22. Rac1 Rd8 23. a4 Nc6 24. c5 Qc7 25. Nxc6 Qxd6 26. Nxa7+ Kb7
27. Rxd6 Kxa7 28. cxb6+ Ka6 29. Rc7 Rdg8 30. Ra7# 1-0

[Event "OPEN A - XVII MIEDZYNARODOWY FESTIWAL SZ"]
[Site "Rewal"]
[Date "2012.??.??"]
[Round "7.23"]
[White "Pietruszewski, Marcin"]
[Black "Cyboran, Katarzyna"]
[Result "1-0"]
[WhiteElo "2121"]
[BlackElo "1773"]
[PlyCount "81"]
[EventDate "2012.??.??"]

1. e4 c5 2. Nf3 e6 3. d4 cxd4 4. Nxd4 a6 5. Bd3 Nf6 6. O-O d6 7. c4 b6 8. Nc3
Bb7 9. b3 Qc7 10. Bb2 Be7 11. Qe2 Nc6 12. Nxc6 Bxc6 13. Rad1 Nd7 14. Bb1 O-O
15. Rd3 Rad8 16. Rh3 g6 17. Qd2 h5 18. f4 a5 19. f5 Bf6 20. fxg6 fxg6 21. Rhf3
Kg7 22. Qf2 Be5 23. Rf7+ Kg8 24. Nd5 exd5 25. Bxe5 Nxe5 26. Rxc7 Rxf2 27. Rxf2
dxe4 28. Rf6 e3 29. h3 e2 30. Kf2 Re8 31. Ke1 Bxg2 32. Bxg6 Bf1 33. Be4 Bg2 34.
Bh7+ Kh8 35. Bg6 Bf3 36. Bc2 Kg8 37. Bh7+ Kh8 38. Bg6 Kg8 39. Bf5 d5 40. Be6+
Kh8 41. Rh6# 1-0

[Event "OPEN A - XVII MIEDZYNARODOWY FESTIWAL SZ"]
[Site "Rewal"]
[Date "2012.??.??"]
[Round "7.24"]
[White "Bes, Michal"]
[Black "Gorol, Jacek"]
[Result "0-1"]
[WhiteElo "1977"]
[BlackElo "1757"]
[PlyCount "126"]
[EventDate "2012.??.??"]

1. e4 d6 2. d4 Nf6 3. Nc3 g6 4. Nf3 Bg7 5. Be2 O-O 6. O-O c6 7. a4 a5 8. h3 Na6
9. Be3 Qc7 10. Qd2 Re8 11. Rad1 Nb4 12. Bd3 e5 13. dxe5 dxe5 14. Bc4 Be6 15.
Bxe6 Rxe6 16. Ne1 Ree8 17. Nd3 Rad8 18. Qe2 Nxd3 19. Rxd3 Rxd3 20. Qxd3 Nh5 21.
Rd1 Nf4 22. Qd7 Qb8 23. Bb6 Ne6 24. Ne2 Qa8 25. Bxa5 Nc5 26. Qd2 Nxe4 27. Qb4
Nf6 28. c4 e4 29. Bb6 Bf8 30. Qb3 Qc8 31. Qc3 Nd7 32. Bd4 Nc5 33. b3 Nd3 34.
Nc1 Bb4 35. Qa1 Nf4 36. Bh8 Bf8 37. Bd4 Qf5 38. Qc3 h5 39. Re1 Rd8 40. Ne2 c5
41. Bf6 Nxe2+ 42. Rxe2 Rd1+ 43. Kh2 Bd6+ 44. g3 Rd3 45. Qb2 Qf3 46. Re1 Bxg3+
47. Kg1 Bf4 48. Bh8 Bh6 49. Qe5 Qxh3 50. Qe8+ Bf8 51. Bf6 Qg4+ 52. Kf1 e3 53.
Rxe3 Rd1+ 54. Re1 Qh3+ 55. Kg1 Qxb3 56. Rxd1 Qxd1+ 57. Kh2 Qf3 58. Bh4 Qf4+ 59.
Bg3 Qxc4 60. Bd6 Qh4+ 61. Kg2 Qg4+ 62. Kh2 Qh4+ 63. Kg2 Qg5+ 0-1

[Event "OPEN A - XVII MIEDZYNARODOWY FESTIWAL SZ"]
[Site "Rewal"]
[Date "2012.??.??"]
[Round "7.25"]
[White "Starczewska, Dominika"]
[Black "Zakrzewski, Marek"]
[Result "1-0"]
[WhiteElo "1971"]
[BlackElo "2121"]
[PlyCount "69"]
[EventDate "2012.??.??"]

1. f4 b6 2. e4 Bb7 3. Nc3 e6 4. Nf3 Bb4 5. d3 d5 6. Bd2 Nf6 7. e5 Nfd7 8. d4
O-O 9. Bd3 f5 10. exf6 Nxf6 11. O-O Nbd7 12. Ng5 Re8 13. Qf3 Nf8 14. Rae1 c5
15. a3 Ba5 16. Be3 Rc8 17. Qh3 h6 18. Nf3 Ne4 19. dxc5 Nxc3 20. bxc3 Bxc3 21.
cxb6 Bxe1 22. Rxe1 axb6 23. Bd4 Ra8 24. Qg3 Qc7 25. Be5 Qf7 26. Bb2 Ba6 27. Ne5
Qc7 28. Bxa6 Rxa6 29. Ng4 Kh8 30. Nxh6 Ra7 31. Qh3 Qc5+ 32. Kh1 Qxc2 33. Nf7+
Kg8 34. Qh8+ Kxf7 35. Qxg7# 1-0

[Event "OPEN A - XVII MIEDZYNARODOWY FESTIWAL SZ"]
[Site "Rewal"]
[Date "2012.??.??"]
[Round "7.27"]
[White "Grabarczyk, Sylwester Piotr"]
[Black "Lewtak, Dominik"]
[Result "0-1"]
[WhiteElo "1743"]
[BlackElo "1776"]
[PlyCount "88"]
[EventDate "2012.??.??"]

1. e4 c5 2. Nc3 Nc6 3. Bb5 Nf6 4. f4 a6 5. Be2 d6 6. Nf3 g6 7. O-O Bg7 8. Kh1
O-O 9. a4 b6 10. d3 Bb7 11. f5 Nd4 12. fxg6 fxg6 13. Ng5 h6 14. Nh3 Kh7 15. Be3
e5 16. Qd2 Qd7 17. Nf2 d5 18. exd5 Nxd5 19. Bxd4 exd4 20. Nxd5 Qxd5 21. Ne4 b5
22. Bf3 Qe5 23. Rae1 Rab8 24. Kg1 c4 25. dxc4 bxc4 26. h4 Bxe4 27. Rxe4 Qc5 28.
h5 gxh5 29. Re6 d3+ 30. Kh2 Rxb2 31. Be4+ Kg8 32. Rxf8+ Bxf8 33. Rg6+ Bg7 34.
Rxg7+ Kxg7 35. Qc3+ Kg8 36. Qxb2 Qd6+ 37. g3 d2 38. Bf3 h4 39. Kh1 d1=Q+ 40.
Bxd1 Qxd1+ 41. Kh2 Qd6 42. Kh1 hxg3 43. Qb7 Qd1+ 44. Kg2 Qxc2+ 0-1

[Event "OPEN A - XVII MIEDZYNARODOWY FESTIWAL SZ"]
[Site "Rewal"]
[Date "2012.??.29"]
[Round "8.1"]
[White "Banasik, Krzysztof"]
[Black "Sieciechowicz, Marcin"]
[Result "0-1"]
[WhiteElo "2269"]
[BlackElo "2441"]
[PlyCount "138"]
[EventDate "2012.??.??"]

1. e4 c5 2. Nf3 d6 3. Bc4 e6 4. O-O Nf6 5. Re1 Be7 6. Bb3 O-O 7. c3 b6 8. d4
Bb7 9. Nbd2 cxd4 10. cxd4 Nc6 11. Nf1 Rc8 12. Ng3 Qc7 13. Bf4 e5 14. Bg5 h6 15.
Be3 Ng4 16. Bd2 exd4 17. Bf4 Bf6 18. Nf5 Nge5 19. N3xd4 Nxd4 20. Nxd4 Ng6 21.
Rc1 Qb8 22. Rxc8 Rxc8 23. Bg3 Ne5 24. Nf5 Rd8 25. f4 Ng6 26. Qh5 d5 27. e5 Be7
28. Nxe7+ Nxe7 29. f5 Qc8 30. f6 Nf5 31. fxg7 Qe6 32. Bf4 Kxg7 33. Bc2 Ne7 34.
Re3 Rc8 35. Rg3+ Kf8 36. Bxh6+ Ke8 37. Ba4+ Bc6 38. Bd1 Bd7 39. Bf4 Kd8 40. Bg4
Qg6 41. Qxg6 Nxg6 42. Bg5+ Ke8 43. Bf3 Be6 44. Bf6 Rc1+ 45. Kf2 Rc2+ 46. Ke3
Rxb2 47. h4 Rxa2 48. h5 Ne7 49. Bxe7 Kxe7 50. h6 Bf5 51. Kf4 Bc2 52. Bxd5 Ra4+
53. Ke3 Ra3+ 54. Kf2 Rxg3 55. Kxg3 b5 56. Kf4 b4 57. Bb3 Bg6 58. g4 a5 59. g5
Kf8 60. e6 fxe6 61. Ke5 Ke7 62. Bd1 Bb1 63. Bb3 Bg6 64. Ba4 Bb1 65. Bd1 Kf7 66.
Bh5+ Kg8 67. Kf6 b3 68. Bf7+ Kh8 69. Bg6 Bxg6 0-1

[Event "OPEN A - XVII MIEDZYNARODOWY FESTIWAL SZ"]
[Site "Rewal"]
[Date "2012.??.??"]
[Round "8.2"]
[White "Klim, Kamil"]
[Black "Cyborowski, Lukasz"]
[Result "1/2-1/2"]
[WhiteElo "2357"]
[BlackElo "2546"]
[PlyCount "81"]
[EventDate "2012.??.??"]

1. d4 Nf6 2. c4 e6 3. Nf3 d5 4. Nc3 c5 5. cxd5 Nxd5 6. e4 Nxc3 7. bxc3 cxd4 8.
cxd4 Bb4+ 9. Bd2 Bxd2+ 10. Qxd2 O-O 11. Bc4 Nc6 12. O-O b6 13. Rad1 Bb7 14.
Rfe1 Rc8 15. d5 Na5 16. Bd3 Qd6 17. Qg5 h6 18. Qg4 Rcd8 19. h4 Kh8 20. h5 Bc8
21. Qh4 exd5 22. e5 Qe6 23. Nd4 Qg4 24. Qxg4 Bxg4 25. f3 Bd7 26. e6 Bxe6 27.
Nxe6 fxe6 28. Rxe6 Nb7 29. Re7 Nc5 30. Bg6 a5 31. Rd4 Rd6 32. Re5 Rfd8 33. Bf7
Kh7 34. Kf2 R6d7 35. Rf5 Rd6 36. Rdxd5 Rxd5 37. Bxd5 g6 38. hxg6+ Kxg6 39. g4
Rd6 40. Ke3 Nd7 41. Be4 1/2-1/2

[Event "OPEN A - XVII MIEDZYNARODOWY FESTIWAL SZ"]
[Site "Rewal"]
[Date "2012.??.??"]
[Round "8.3"]
[White "Malaniuk, Vladimir P"]
[Black "Kasparov, Sergey"]
[Result "1/2-1/2"]
[WhiteElo "2523"]
[BlackElo "2490"]
[PlyCount "69"]
[EventDate "2012.??.??"]

1. d4 Nf6 2. Nf3 d5 3. c4 c6 4. Nc3 a6 5. e3 b5 6. b3 Bf5 7. Bd3 e6 8. Bxf5
exf5 9. O-O Bd6 10. Qc2 g6 11. a4 b4 12. Ne2 a5 13. Ne5 O-O 14. Bb2 Ra7 15.
Rac1 Rc7 16. Qd3 Qc8 17. cxd5 cxd5 18. Qb5 Qa6 19. Qxa6 Nxa6 20. Rxc7 Nxc7 21.
Rc1 Ra8 22. f3 Kf8 23. h3 h5 24. h4 Ke8 25. Nf4 Ra6 26. Kf2 Ng8 27. Ke2 Ne7 28.
Kd2 Ne6 29. Ne2 Ra7 30. Nd3 Rc7 31. Rh1 f6 32. Kd1 Kf7 33. Bc1 Nc6 34. Bb2 Ne7
35. Kd2 1/2-1/2

[Event "OPEN A - XVII MIEDZYNARODOWY FESTIWAL SZ"]
[Site "Rewal"]
[Date "2012.??.29"]
[Round "8.4"]
[White "Weichhold, Pawel"]
[Black "Warakomski, Tomasz"]
[Result "1-0"]
[WhiteElo "2365"]
[BlackElo "2491"]
[PlyCount "85"]
[EventDate "2012.??.??"]

1. e4 c5 2. Nf3 e6 3. d4 cxd4 4. Nxd4 a6 5. Bd3 Nf6 6. O-O e5 7. Nf3 Nc6 8. Nc3
Bc5 9. Nd5 h6 10. b4 Nxb4 11. Nxe5 d6 12. Nxb4 dxe5 13. Rb1 O-O 14. c4 Nd7 15.
Nd5 Nb8 16. Be2 Nc6 17. Rb3 Qh4 18. Rg3 Be6 19. Bg4 Kh8 20. Kh1 Rad8 21. f3 Rd6
22. f4 f5 23. exf5 Bxf5 24. Bxf5 Rxf5 25. fxe5 Qxc4 26. Rxf5 Rxd5 27. Qf1 Qxf1+
28. Rxf1 Nxe5 29. Bb2 b5 30. h4 a5 31. Re1 Bd6 32. Rge3 Nc4 33. Re8+ Kh7 34.
Ba1 Rh5 35. R1e4 Rf5 36. Kg1 Bc5+ 37. Kh2 Nd6 38. R8e7 Nxe4 39. Rxg7+ Kh8 40.
Rg5+ Kh7 41. Rxf5 Kg6 42. g4 b4 43. Kg2 1-0

[Event "OPEN A - XVII MIEDZYNARODOWY FESTIWAL SZ"]
[Site "Rewal"]
[Date "2012.??.??"]
[Round "8.6"]
[White "Adamowicz, Maciej"]
[Black "Musialkiewicz, Jan"]
[Result "1/2-1/2"]
[WhiteElo "1969"]
[BlackElo "2231"]
[PlyCount "36"]
[EventDate "2012.??.??"]

1. c4 c5 2. Nf3 Nc6 3. Nc3 e5 4. g3 g6 5. Bg2 Bg7 6. O-O Nge7 7. a3 d6 8. b4
O-O 9. Rb1 Rb8 10. d3 h6 11. Ne1 Be6 12. Nd5 cxb4 13. axb4 b5 14. Nxe7+ Nxe7
15. cxb5 Rxb5 16. Qa4 Qb8 17. Be3 a5 18. Ba7 Qe8 1/2-1/2

[Event "OPEN A - XVII MIEDZYNARODOWY FESTIWAL SZ"]
[Site "Rewal"]
[Date "2012.??.29"]
[Round "8.7"]
[White "Solnicki, Michal"]
[Black "Scibior, Adam"]
[Result "0-1"]
[WhiteElo "2141"]
[BlackElo "2202"]
[PlyCount "142"]
[EventDate "2012.??.??"]

1. d4 d5 2. c4 e6 3. Nf3 c6 4. g3 dxc4 5. Bg2 b5 6. O-O Bb7 7. e4 Nf6 8. Qc2
Nbd7 9. Nbd2 Be7 10. b3 cxb3 11. Nxb3 c5 12. e5 Nd5 13. dxc5 Rc8 14. Qe4 Nxc5
15. Qg4 Kf8 16. Qh5 Nd3 17. Bd2 h6 18. Nfd4 a6 19. Bh3 N5f4 20. gxf4 Qd5 21. f3
Bc5 22. Be3 Nxf4 23. Qg4 Ne2+ 24. Kh1 Qxe5 25. Nxe6+ fxe6 26. Bxc5+ Rxc5 27.
Nxc5 Qxc5 28. Rad1 Bd5 29. Bg2 h5 30. Qg5 Rh6 31. f4 Bxg2+ 32. Qxg2 Nd4 33. Qe4
Nf5 34. Rd7 Kg8 35. Rg1 h4 36. Qa8+ Kh7 37. Rd8 Ng3+ 38. Kg2 Qc2+ 39. Kh3 Qf5+
40. Kg2 Qc2+ 41. Kh3 Qf5+ 42. Kg2 h3+ 43. Kf3 Qh5+ 44. Kxg3 Rg6+ 45. Kf2 Qc5+
46. Ke2 Qc2+ 47. Ke3 Qc5+ 48. Ke4 Qf5+ 49. Kd4 Qxf4+ 50. Kc5 Rxg1 51. Rh8+ Kg6
52. Qe8+ Qf7 53. Qxf7+ Kxf7 54. Rxh3 Rg4 55. Ra3 Ra4 56. Rf3+ Ke7 57. a3 Rc4+
58. Kb6 Ra4 59. Kc5 Rh4 60. h3 Rh5+ 61. Kb6 e5 62. Kxa6 e4 63. Re3 Re5 64. Ka5
Ke6 65. Kb4 Kf5 66. Kc3 Kf4 67. Re1 Kf3 68. Kd4 Re7 69. Rf1+ Kg2 70. Re1 e3 71.
Kd3 e2 0-1

[Event "OPEN A - XVII MIEDZYNARODOWY FESTIWAL SZ"]
[Site "Rewal"]
[Date "2012.??.29"]
[Round "8.8"]
[White "Kasparova, Tatiana"]
[Black "Sowul, Bartosz"]
[Result "1/2-1/2"]
[WhiteElo "2109"]
[BlackElo "2196"]
[PlyCount "118"]
[EventDate "2012.??.??"]

1. e4 g6 2. d4 Bg7 3. Nc3 c5 4. d5 d6 5. Nf3 Nf6 6. Bb5+ Bd7 7. a4 O-O 8. O-O
Na6 9. Re1 Nc7 10. Bxd7 Qxd7 11. Qd3 Ng4 12. h3 Ne5 13. Nxe5 dxe5 14. Be3 b6
15. Nb5 f5 16. f3 f4 17. Bf2 g5 18. Nxc7 Qxc7 19. Red1 Qd6 20. a5 h5 21. Qb5
Rfc8 22. c4 Rab8 23. Qa6 Rc7 24. Qb5 Kf7 25. Rab1 g4 26. b4 Qg6 27. Kf1 gxf3
28. gxf3 Rg8 29. axb6 axb6 30. bxc5 bxc5 31. Qb6 Qd6 32. Qa5 Qd7 33. Ke2 Bf6
34. Qb5 Qd6 35. Rg1 Ra8 36. Ra1 Rac8 37. Ra6 Qd7 38. Qxd7 Rxd7 39. Rb1 Rdd8 40.
Rbb6 Rg8 41. Kf1 Rgd8 42. Rb5 Ra8 43. Rxa8 Rxa8 44. Bxc5 Ra1+ 45. Ke2 Rc1 46.
d6 exd6 47. Bxd6 Rxc4 48. Bxe5 Rc2+ 49. Kd3 Rf2 50. Bxf6 Rxf3+ 51. Kd4 Kxf6 52.
Rxh5 Rf1 53. Rh6+ Kg5 54. Rh8 Rd1+ 55. Ke5 f3 56. Rf8 Rf1 57. Kd4 f2 58. Ke3
Re1+ 59. Kxf2 Rxe4 1/2-1/2

[Event "OPEN A - XVII MIEDZYNARODOWY FESTIWAL SZ"]
[Site "Rewal"]
[Date "2012.??.??"]
[Round "8.9"]
[White "Swiderski, Radoslaw"]
[Black "Mitura, Vaclav"]
[Result "0-1"]
[WhiteElo "1934"]
[BlackElo "2169"]
[PlyCount "80"]
[EventDate "2012.??.??"]

1. e4 c5 2. Nf3 Nc6 3. d4 cxd4 4. Nxd4 e5 5. Nb5 d6 6. N1c3 Be6 7. Nd5 Bxd5 8.
exd5 Nb8 9. c4 a6 10. Nc3 Nd7 11. Bd3 Ngf6 12. O-O Be7 13. Be3 O-O 14. h3 g6
15. Qb3 b6 16. Qc2 Nh5 17. Be2 Ng7 18. f4 Nf5 19. Qd3 Nxe3 20. Qxe3 exf4 21.
Qxf4 Ne5 22. Qd2 Bg5 23. Qc2 Be3+ 24. Kh1 f5 25. Nd1 Bc5 26. Qd2 a5 27. a3 Qh4
28. Rc1 a4 29. Ne3 Rae8 30. Nc2 Nxc4 31. Bxc4 Qxc4 32. Nb4 Re2 33. Qg5 Qe4 34.
Nc6 Re8 35. Rc3 Re1 36. Rcf3 Qb1 37. Qf4 R8e4 38. Rxe1 Rxe1+ 39. Kh2 Rh1+ 40.
Kg3 Qe1+ 0-1

[Event "OPEN A - XVII MIEDZYNARODOWY FESTIWAL SZ"]
[Site "Rewal"]
[Date "2012.??.??"]
[Round "8.11"]
[White "Orzech, Dominik"]
[Black "Siedlinski, Piotr"]
[Result "1/2-1/2"]
[WhiteElo "2407"]
[BlackElo "2092"]
[PlyCount "22"]
[EventDate "2012.??.??"]

1. e4 d5 2. exd5 Qxd5 3. Nc3 Qa5 4. d4 Nf6 5. Nf3 Bf5 6. Bc4 e6 7. O-O c6 8.
Re1 Be7 9. Qe2 Qc7 10. Bg5 O-O 11. Rad1 Nbd7 1/2-1/2

[Event "OPEN A - XVII MIEDZYNARODOWY FESTIWAL SZ"]
[Site "Rewal"]
[Date "2012.??.??"]
[Round "8.12"]
[White "Karwowski, Kacper"]
[Black "Lewtak, Damian"]
[Result "1/2-1/2"]
[WhiteElo "1864"]
[BlackElo "2269"]
[PlyCount "98"]
[EventDate "2012.??.??"]

1. e4 d5 2. exd5 Qxd5 3. Nc3 Qd6 4. g3 Nf6 5. Bg2 c6 6. Nge2 Bf5 7. O-O e6 8.
d4 Qd8 9. Re1 Bd6 10. Bf4 Bxf4 11. Nxf4 O-O 12. Ne4 Nxe4 13. Bxe4 Bxe4 14. Rxe4
Nd7 15. c3 Qb6 16. Nd3 Rfd8 17. Qc2 Rac8 18. Rd1 h6 19. Re2 Qc7 20. Nc5 Nxc5
21. dxc5 Rd5 22. b4 Rcd8 23. Red2 Qe5 24. Rxd5 exd5 25. Rd3 Qe1+ 26. Kg2 Re8
27. Qd2 Qxd2 28. Rxd2 Re1 29. a4 f5 30. h4 Kf7 31. a5 g5 32. hxg5 hxg5 33. a6
bxa6 34. Ra2 Rc1 35. Rxa6 Rxc3 36. Rxa7+ Ke8 37. Rc7 Rc4 38. Rxc6 Rxb4 39. Re6+
Kf7 40. Re5 Kf6 41. Rxd5 Rc4 42. Rd6+ Ke5 43. Rc6 Kd5 44. Rd6+ Ke5 45. Rc6 Kd5
46. Rg6 g4 47. Rd6+ Ke5 48. Rc6 Kd5 49. Rf6 Ke5 1/2-1/2

[Event "OPEN A - XVII MIEDZYNARODOWY FESTIWAL SZ"]
[Site "Rewal"]
[Date "2012.??.??"]
[Round "8.13"]
[White "Budrewicz, Krzysztof"]
[Black "Paszewski, Mateusz"]
[Result "1-0"]
[WhiteElo "2211"]
[BlackElo "2066"]
[PlyCount "149"]
[EventDate "2012.??.??"]

1. c4 c5 2. Nc3 Nc6 3. Nf3 g6 4. d4 cxd4 5. Nxd4 Bg7 6. Be3 Nf6 7. h3 O-O 8. g3
Qa5 9. Bg2 Nxd4 10. Bxd4 d6 11. O-O Rb8 12. a3 a6 13. b4 Qc7 14. Rc1 Be6 15.
Nd5 Bxd5 16. cxd5 Qd7 17. Qd3 Rfc8 18. e4 Rxc1 19. Rxc1 Rc8 20. Rc2 Qd8 21. f4
Nd7 22. Bf2 Kf8 23. Bf1 Ke8 24. Rc4 Rxc4 25. Qxc4 Qb8 26. h4 Kd8 27. b5 axb5
28. Qxb5 Qc7 29. a4 Bc3 30. Bh3 Bd2 31. Bxd7 Qxd7 32. Bb6+ Ke8 33. Qb2 f6 34.
Qxd2 Qxa4 35. Qd3 Qa1+ 36. Kg2 Qb2+ 37. Bf2 b5 38. h5 b4 39. hxg6 hxg6 40. Kf3
b3 41. Bd4 Qa2 42. Qc3 Kf7 43. Qb2 Qa4 44. Ke3 Qb5 45. Qe2 Qb7 46. g4 Qc8 47.
g5 Qh3+ 48. Kd2 Qc8 49. Qd3 Qg4 50. Qe3 Qg2+ 51. Qe2 Qg3 52. Qf2 Qg4 53. Kc3
Qd1 54. Qd2 Qb1 55. gxf6 exf6 56. Qd3 Qc1+ 57. Kxb3 Qxf4 58. Kb4 g5 59. Kb5 g4
60. Kc6 g3 61. Qe3 Qg4 62. Kxd6 g2 63. Qf2 g1=Q 64. Qxf6+ Kg8 65. Bxg1 Qxg1 66.
Ke6 Qb1 67. e5 Qb3 68. Qd8+ Kg7 69. Qc7+ Kg8 70. Kd6 Qg3 71. Kd7 Qf3 72. d6
Qf7+ 73. Kc8 Qe6+ 74. d7 Kf8 75. Qd6+ 1-0

[Event "OPEN A - XVII MIEDZYNARODOWY FESTIWAL SZ"]
[Site "Rewal"]
[Date "2012.??.29"]
[Round "8.14"]
[White "Musialkiewicz, Pawel"]
[Black "Puczylowski, Marcin"]
[Result "1-0"]
[WhiteElo "2145"]
[BlackElo "1984"]
[PlyCount "89"]
[EventDate "2012.??.??"]

1. d4 Nf6 2. c4 e6 3. Nc3 Bb4 4. Qc2 Nc6 5. Nf3 d6 6. a3 Bxc3+ 7. Qxc3 O-O 8.
b4 Ne4 9. Qc2 f5 10. g3 Qf6 11. Bb2 Ne7 12. Bg2 g5 13. O-O Ng6 14. Ne1 d5 15.
Nd3 c6 16. Ne5 a6 17. a4 Qg7 18. b5 Nxe5 19. dxe5 g4 20. b6 Bd7 21. Rad1 Rfe8
22. f3 gxf3 23. exf3 Ng5 24. g4 fxg4 25. f4 Nh3+ 26. Kh1 Qh6 27. Qe2 Nxf4 28.
Qd2 g3 29. h3 Rf8 30. Bc1 c5 31. Rxf4 Rxf4 32. Qxf4 Qxf4 33. Bxf4 Bxa4 34. Rc1
d4 35. Bxg3 Rd8 36. Be1 Rd7 37. Bd2 Bb3 38. Be4 d3 39. Rc3 Bc2 40. Ra3 Kg7 41.
Kg2 Kf8 42. Kf2 Rf7+ 43. Ke3 Rg7 44. Bxd3 Ke7 45. Kf3 1-0

[Event "OPEN A - XVII MIEDZYNARODOWY FESTIWAL SZ"]
[Site "Rewal"]
[Date "2012.??.??"]
[Round "8.15"]
[White "Miturova, Magdalena"]
[Black "Poswiatowski, Michal"]
[Result "1/2-1/2"]
[WhiteElo "2139"]
[BlackElo "2008"]
[PlyCount "94"]
[EventDate "2012.??.??"]

1. e4 c5 2. Nf3 Nc6 3. d4 cxd4 4. Nxd4 Nf6 5. Nc3 d6 6. Bc4 Bd7 7. O-O g6 8.
Nxc6 bxc6 9. f4 Qa5 10. Qe2 d5 11. exd5 cxd5 12. Bb5 Bg7 13. Bxd7+ Nxd7 14. f5
Qc5+ 15. Be3 d4 16. Ne4 Qd5 17. Bg5 h6 18. f6 hxg5 19. fxg7 Rg8 20. Rae1 O-O-O
21. Qa6+ Kb8 22. Rf3 Ka8 23. Ra3 Qb7 24. Qxb7+ Kxb7 25. Nxg5 f6 26. Ne6 Rc8 27.
Rd1 Nc5 28. Nxc5+ Rxc5 29. Rxd4 Rc7 30. Rb3+ Kc8 31. c4 Rxg7 32. Rc3 Rh7 33. c5
Rh5 34. b4 Re5 35. Kf2 Kb7 36. Re3 a5 37. a3 Kc6 38. Rxe5 fxe5 39. Rg4 Kb5 40.
Ke3 Ka4 41. bxa5+ Kxa5 42. Rxg6 Rxc5 43. Ke4 Ka4 44. Ra6+ Kb3 45. a4 Rc2 46. a5
Rxg2 47. Rb6+ Kc4 1/2-1/2

[Event "OPEN A - XVII MIEDZYNARODOWY FESTIWAL SZ"]
[Site "Rewal"]
[Date "2012.??.??"]
[Round "8.16"]
[White "Dowgird, Filip"]
[Black "Warakomska, Anna"]
[Result "1-0"]
[WhiteElo "2121"]
[BlackElo "2136"]
[PlyCount "83"]
[EventDate "2012.??.??"]

1. Nf3 d5 2. g3 Nf6 3. Bg2 g6 4. O-O Bg7 5. d3 O-O 6. Nbd2 c6 7. e4 dxe4 8.
dxe4 Qc7 9. a4 b6 10. Re1 e5 11. b3 Rd8 12. Bb2 Nfd7 13. Bf1 a5 14. Bc4 Ba6 15.
Qe2 Nc5 16. h4 Ne6 17. Rad1 Bxc4 18. Qxc4 Nd7 19. h5 Qb7 20. hxg6 hxg6 21. Qf1
Nd4 22. Bxd4 exd4 23. Nc4 c5 24. Qh3 Qc6 25. Ng5 Nf8 26. e5 f6 27. exf6 Qxf6
28. Ne6 Re8 29. Nf4 Rad8 30. Nd3 g5 31. Rxe8 Rxe8 32. Re1 Rxe1+ 33. Nxe1 d3 34.
Nxd3 Qf3 35. Ne3 c4 36. bxc4 Qc6 37. Qf5 Qxa4 38. Qxg5 Qa1+ 39. Kg2 a4 40. Ng4
a3 41. Nde5 Ne6 42. Qg6 1-0

[Event "OPEN A - XVII MIEDZYNARODOWY FESTIWAL SZ"]
[Site "Rewal"]
[Date "2012.??.??"]
[Round "8.18"]
[White "Skawinski, Arkadiusz"]
[Black "Smal, Tobiasz"]
[Result "1-0"]
[WhiteElo "2311"]
[BlackElo "1843"]
[PlyCount "77"]
[EventDate "2012.??.??"]

1. b3 c5 2. Bb2 Nc6 3. e3 d5 4. f4 Nf6 5. Nf3 a6 6. Be2 g6 7. O-O Bg7 8. Ne5
O-O 9. Nxc6 bxc6 10. d3 Qb6 11. Qc1 Bg4 12. Bxg4 Nxg4 13. Bxg7 Kxg7 14. h3 Nh6
15. Nc3 c4 16. d4 cxb3 17. cxb3 Nf5 18. Na4 Qb5 19. Qd2 Ng3 20. Rfe1 Rac8 21.
Rac1 Rc7 22. Nc5 Rfc8 23. Rc2 e6 24. Rec1 h5 25. Qd3 Qxd3 26. Nxd3 Ne4 27. Nb4
a5 28. Rxc6 Rxc6 29. Rxc6 Rxc6 30. Nxc6 Nc3 31. a4 Ne2+ 32. Kf2 Nc1 33. Nxa5
Kf6 34. Nc6 Nxb3 35. Ke2 g5 36. fxg5+ Kxg5 37. Kd1 e5 38. Kc2 exd4 39. exd4 1-0

[Event "OPEN A - XVII MIEDZYNARODOWY FESTIWAL SZ"]
[Site "Rewal"]
[Date "2012.??.??"]
[Round "8.19"]
[White "Palosz, Andrzej"]
[Black "Jalowiec, Halina"]
[Result "1-0"]
[WhiteElo "2159"]
[BlackElo "2046"]
[PlyCount "97"]
[EventDate "2012.??.??"]

1. e4 e5 2. Nf3 Nc6 3. Bb5 d6 4. d4 exd4 5. Qxd4 Bd7 6. Bxc6 Bxc6 7. Nc3 Nf6 8.
Bg5 Be7 9. O-O-O O-O 10. Rhe1 Ng4 11. Bxe7 Qxe7 12. Nd5 Bxd5 13. exd5 Qd7 14.
Rd2 Nf6 15. Rde2 Rfe8 16. Rxe8+ Nxe8 17. g4 a6 18. Nh4 g6 19. Ng2 Ng7 20. Ne3
Re8 21. Rg1 Qe7 22. g5 Nf5 23. Nxf5 gxf5 24. h4 Qe5 25. Rd1 Kg7 26. Qc4 Re7 27.
h5 Qe4 28. Qc3+ Qe5 29. Qb4 b6 30. a4 a5 31. Qc4 Qe4 32. Qc3+ Qe5 33. Qc4 Qe4
34. Qc3+ Qe5 35. Rd4 Kf8 36. Rc4 Qxc3 37. Rxc3 Ke8 38. Kd2 f4 39. Rc4 f3 40.
Kd3 Re5 41. Re4 Ke7 42. Rxe5+ dxe5 43. Ke4 f6 44. gxf6+ Kxf6 45. Kxf3 Kg5 46.
Ke4 Kxh5 47. Kxe5 Kg6 48. Ke6 Kg5 49. Kd7 1-0

[Event "OPEN A - XVII MIEDZYNARODOWY FESTIWAL SZ"]
[Site "Rewal"]
[Date "2012.??.29"]
[Round "8.20"]
[White "Koitka, Jakub"]
[Black "Pietruszewski, Marcin"]
[Result "1-0"]
[WhiteElo "1973"]
[BlackElo "2121"]
[PlyCount "139"]
[EventDate "2012.??.??"]

1. d4 Nf6 2. Bg5 e6 3. e3 c5 4. c3 cxd4 5. exd4 b6 6. Be2 Bb7 7. Bf3 d5 8. Ne2
Nbd7 9. O-O h6 10. Bxf6 Nxf6 11. Nd2 Bd6 12. g3 O-O 13. Bg2 Ba6 14. Re1 Bd3 15.
Nc1 Bh7 16. Qe2 b5 17. a4 a6 18. Nd3 b4 19. Nxb4 Bxb4 20. cxb4 Qb6 21. Qe3 Qxb4
22. Qc3 Rfb8 23. Ra2 Ra7 24. Bf1 Ne4 25. Nxe4 Bxe4 26. Rc1 a5 27. Bb5 Qe7 28.
Ra3 Rbb7 29. Qe3 Rc7 30. Rac3 Rxc3 31. Qxc3 Qf6 32. Qe3 Qf5 33. Rc3 Kh7 34. f3
Bb1 35. Rc1 g5 36. g4 Qg6 37. Kg2 Kg8 38. b4 axb4 39. Qb3 Be4 40. fxe4 Qxe4+
41. Qf3 Qxd4 42. Rd1 Qb2+ 43. Qf2 Qxf2+ 44. Kxf2 Rc7 45. Ke2 Kg7 46. Kd2 Kf6
47. Ra1 b3 48. Bd3 e5 49. Rc1 Ra7 50. Rc6+ Ke7 51. Bb5 d4 52. Kd3 Rd7 53. Rc1
b2 54. Rb1 Rc7 55. Rxb2 Rc3+ 56. Ke4 Kd6 57. Bd3 Ra3 58. Rb6+ Kc5 59. Rb5+ Kd6
60. Rd5+ Kc7 61. a5 f6 62. a6 h5 63. h3 h4 64. Rc5+ Kb6 65. Rb5+ Ka7 66. Rb7+
Ka8 67. Rf7 Ra1 68. Bc4 Kb8 69. Rxf6 Ra4 70. Rb6+ 1-0

[Event "OPEN A - XVII MIEDZYNARODOWY FESTIWAL SZ"]
[Site "Rewal"]
[Date "2012.??.??"]
[Round "8.21"]
[White "Gorol, Jacek"]
[Black "Zochowski, Kacper"]
[Result "0-1"]
[WhiteElo "1757"]
[BlackElo "2073"]
[PlyCount "90"]
[EventDate "2012.??.??"]

1. c4 e5 2. Nc3 Nc6 3. g3 d6 4. Bg2 Be6 5. b3 Qd7 6. Bb2 g6 7. e3 Bg7 8. Nge2
Bh3 9. O-O Bxg2 10. Kxg2 f5 11. Nd5 Nge7 12. Nxe7 Nxe7 13. f4 O-O 14. fxe5 dxe5
15. d4 Rad8 16. Qc2 Rfe8 17. Rad1 f4 18. e4 fxg3 19. hxg3 exd4 20. Bxd4 Bxd4
21. Nxd4 Qg4 22. Rf4 Qh5 23. Rh1 Qa5 24. Nf3 Nc6 25. c5 Ne5 26. Rf1 Re6 27. Rf2
Nd3 28. Qc4 Nxf4+ 29. gxf4 Qa6 30. Qb4 Rde8 31. Ng5 Rf6 32. Qd4 Qc6 33. Kg3 h6
34. Qc4+ Kg7 35. e5 Rf5 36. Ne4 Rd8 37. e6 Re8 38. Qc3+ Kg8 39. Nf6+ Rxf6 40.
Qxf6 Qxe6 41. Qb2 Qe3+ 42. Kh2 Qxc5 43. Rg2 Qh5+ 44. Kg3 Qf5 45. Re2 Qd3+ 0-1